000 00627nam a2200181 i 4500
001 80724
003 ES-MaACL
005 20230906174300.0
007 t|
008 041029s1969 sp ||||1| spa d
100 1 _aHouben, Piet-Hein J. M.
_964317
245 1 4 _aLos consejos de Ministros de la Comunidades Europeas /
_cP.-H. J.M. Houben ; prólogo de I. Samkalden ; [traducción de Francisco Vega Sala].
260 _aMadrid :
_bInstituto de Estudios Políticos,
_c1969.
300 _a377 p. ;
_c21 cm.
700 1 _aSamkalden, I.
_9102178
700 1 _aVega Sala, Francisco.
_9113622
852 _aES-MaACL
_jC-38907
_bR.70635
999 _c80724
_d80724